[Event "USA tt"]
[Site "ICC INT"]
[Date "2012.10.01"]
[Round "5"]
[White "Vilenchuk, Michael"]
[Black "Gorman, Dov"]
[Result "0-1"]
[WhiteElo "2222"]
[BlackElo "2229"]
[PlyCount "82"]
[EventDate "2012.09.04"]
[EventType "team-tourn"]
[EventRounds "10"]
[EventCountry "USA"]
[SourceTitle "CBM 150 Extra"]
[Source "ChessBase"]
[SourceDate "2012.10.19"]
[SourceVersion "1"]
[SourceVersionDate "2012.10.19"]
[SourceQuality "1"]
[WhiteTeam "Boston"]
[BlackTeam "Philadelphia"]
[WhiteTeamCountry "USA"]
[BlackTeamCountry "USA"]

1. e4 c5 2. Nf3 d6 3. d4 cxd4 4. Nxd4 Nf6 5. Nc3 e6 6. Be2 a6 7. 0-0 Qc7 8. a4 b6 9. f4 Bb7 10. Bf3 Nbd7 11. Kh1 Be7 12. Qe1 0-0 13. Be3 Rfe8 14. Qg3 Nc5 15. f5 e5 16. Nde2 Ncxe4 17. Bxe4 Nxe4 18. Nxe4 Bxe4 19. Nc3 Qc4 20. Rae1 Bh4 21. Qg4 Bd5 22. Qd1 Bxe1 23. Rxe1 Bc6 24. Bxb6 Qb4 25. a5 Qxb2 26. Qd2 Qb4 27. f6 Re6 28. Rb1 Qf4 29. Qd3 Rxf6 30. Nd5 Bxd5 31. Qxd5 Rc8 32. Bg1 h5 33. Rb6 Rxc2 34. Qd3 Qf5 35. Qxa6 Qf1 36. Qa8+ Kh7 37. Qe4+ Qf5 38. Qe1 Rxg2 39. Rb3 Rfg6 40. Bb6 Rb2 41. Rc3 Rb1 0-1

[Event "Wch U18"]
[Site "Caldas Novas"]
[Date "2011.11.20"]
[Round "4"]
[White "Rios, Cristhian Camilo"]
[Black "Vilenchuk, Michael"]
[Result "1-0"]
[WhiteElo "2388"]
[BlackElo "2219"]
[PlyCount "80"]
[EventDate "2011.11.18"]
[EventType "swiss"]
[EventRounds "9"]
[EventCountry "BRA"]
[SourceTitle "EXT 2013"]
[Source "ChessBase"]
[SourceDate "2012.11.22"]
[SourceVersion "1"]
[SourceVersionDate "2012.11.22"]
[SourceQuality "1"]

1. d4 Nf6 2. c4 g6 3. Nc3 Bg7 4. e4 d6 5. f3 Nbd7 6. Bg5 0-0 7. Qd2 c5 8. d5 a6 9. a4 b6 10. Nh3 h5 11. Nf2 Nh7 12. Bh6 Ne5 13. Be2 e6 14. Bxg7 Kxg7 15. f4 Ng4 16. Nxg4 hxg4 17. dxe6 Bxe6 18. 0-0 f5 19. Rad1 Qf6 20. Qxd6 Rab8 21. Qc7+ Qf7 22. Qxf7+ Kxf7 23. e5 Rfd8 24. Kf2 g5 25. Bd3 gxf4 26. Ne2 b5 27. cxb5 c4 28. Bc2 axb5 29. a5 Rxd1 30. Rxd1 Ra8 31. Nxf4 Rxa5 32. Rd6 Nf8 33. Nxe6 Nxe6 34. Bxf5 Nc5 35. Rc6 Nd3+ 36. Bxd3 cxd3 37. Ke3 Ra2 38. Rf6+ Ke7 39. Rf2 Ke6 40. Kxd3 Kxe5 1-0

[Event "Wch U18"]
[Site "Caldas Novas"]
[Date "2011.11.20"]
[Round "3"]
[White "Vilenchuk, Michael"]
[Black "Versosa Bravo, Johann"]
[Result "1-0"]
[WhiteElo "2219"]
[BlackElo "1967"]
[PlyCount "41"]
[EventDate "2011.11.18"]
[EventType "swiss"]
[EventRounds "9"]
[EventCountry "BRA"]
[SourceTitle "EXT 2013"]
[Source "ChessBase"]
[SourceDate "2012.11.22"]
[SourceVersion "1"]
[SourceVersionDate "2012.11.22"]
[SourceQuality "1"]

1. e4 c5 2. Nf3 d6 3. d4 cxd4 4. Nxd4 Nf6 5. Nc3 a6 6. a4 Nc6 7. Be2 e6 8. 0-0 Be7 9. Nb3 b6 10. f4 Qc7 11. Bf3 Bb7 12. Qe1 0-0 13. Qg3 Rfe8 14. Be3 Nb4 15. f5 Nxc2 16. Bh6 Bf8 17. Rac1 Qc4 18. e5 dxe5 19. Bxb7 Qxb3 20. Bxa8 Rxa8 21. fxe6 1-0

[Event "Wch U18"]
[Site "Caldas Novas"]
[Date "2011.11.19"]
[Round "2"]
[White "Graf, Felix"]
[Black "Vilenchuk, Michael"]
[Result "1-0"]
[WhiteElo "2356"]
[BlackElo "2219"]
[PlyCount "58"]
[EventDate "2011.11.18"]
[EventType "swiss"]
[EventRounds "9"]
[EventCountry "BRA"]
[SourceTitle "EXT 2013"]
[Source "ChessBase"]
[SourceDate "2012.11.22"]
[SourceVersion "1"]
[SourceVersionDate "2012.11.22"]
[SourceQuality "1"]

1. d4 Nf6 2. Nf3 g6 3. c4 Bg7 4. Nc3 0-0 5. Bg5 d6 6. e3 h6 7. Bh4 Bf5 8. Nd2 c5 9. d5 g5 10. Bg3 Qa5 11. f3 Bg6 12. Be2 Nh5 13. Bf2 Bxc3 14. bxc3 Qxc3 15. g4 Ng7 16. e4 Nd7 17. Rb1 b6 18. Rb3 Qa5 19. Qc1 Qa6 20. h4 e5 21. hxg5 hxg5 22. Rh6 f6 23. Rxg6 Kh7 24. Rxg7+ Kxg7 25. Ra3 Qc8 26. Nf1 Rd8 27. Ng3 Nf8 28. Nf5+ Kf7 29. Qd2 Qb7 1-0

[Event "US Open-112"]
[Site "Orlando"]
[Date "2011.08.06"]
[Round "8"]
[White "Finegold, Spencer"]
[Black "Vilenchuk, Michael"]
[Result "0-1"]
[WhiteElo "2037"]
[BlackElo "2183"]
[PlyCount "62"]
[EventDate "2011.07.30"]
[EventType "swiss"]
[EventRounds "9"]
[EventCountry "USA"]
[SourceTitle "CBM 143 Extra"]
[Source "ChessBase"]
[SourceDate "2011.08.29"]
[SourceVersion "1"]
[SourceVersionDate "2011.08.29"]
[SourceQuality "1"]

1. e4 c5 2. Nf3 Nc6 3. d4 cxd4 4. Nxd4 g6 5. Nc3 Bg7 6. Be3 d6 7. f3 Nf6 8. Qd2 0-0 9. Bc4 Bd7 10. 0-0-0 Rb8 11. Bb3 b5 12. Ncxb5 Ne5 13. Nc3 Qc7 14. Bh6 Nc4 15. Qg5 Bxh6 16. Qxh6 Rfc8 17. Bxc4 Qxc4 18. Nb3 a5 19. Rd4 Qc7 20. Qd2 a4 21. Nxa4 e5 22. Rxd6 Bxa4 23. Rxf6 Bxb3 24. axb3 Ra8 25. Kb1 Qa7 26. c3 Qa1+ 27. Kc2 Qxh1 28. b4 Rd8 29. Qe2 Ra1 30. b5 Qb1+ 31. Kb3 Qa2+ 0-1

[Event "US Open-112"]
[Site "Orlando"]
[Date "2011.08.05"]
[Round "7"]
[White "Vilenchuk, Michael"]
[Black "Becerra Rivero, Julio"]
[Result "0-1"]
[WhiteElo "2183"]
[BlackElo "2557"]
[PlyCount "39"]
[EventDate "2011.07.30"]
[EventType "swiss"]
[EventRounds "9"]
[EventCountry "USA"]
[SourceTitle "CBM 143 Extra"]
[Source "ChessBase"]
[SourceDate "2011.08.29"]
[SourceVersion "1"]
[SourceVersionDate "2011.08.29"]
[SourceQuality "1"]

1. e4 e5 2. Nf3 Nc6 3. Bc4 Nf6 4. Ng5 d5 5. exd5 Na5 6. Bb5+ c6 7. dxc6 bxc6 8. Bd3 h6 9. Ne4 Nd5 10. Ng3 g6 11. Be4 f5 12. Bxd5 cxd5 13. Qe2 Nc6 14. 0-0 Bg7 15. Qb5 Qd7 16. c4 Nd4 17. Qxd7+ Kxd7 18. Nc3 dxc4 19. Nge2 Ba6 20. Re1 0-1

[Event "US Open-110"]
[Site "Indianapolis"]
[Date "2009.08.06"]
[Round "6"]
[White "Vilenchuk, Michael"]
[Black "Aaron, Deepak"]
[Result "1/2-1/2"]
[WhiteElo "2127"]
[BlackElo "2110"]
[PlyCount "81"]
[EventDate "2009.08.01"]
[EventType "swiss"]
[EventRounds "9"]
[EventCountry "USA"]
[SourceTitle "CBM 131 Extra"]
[Source "ChessBase"]
[SourceDate "2009.09.03"]
[SourceVersion "2"]
[SourceVersionDate "2009.09.16"]
[SourceQuality "1"]

1. e4 e5 2. Nf3 Nc6 3. d4 exd4 4. Bc4 Bc5 5. Ng5 Nh6 6. Bxf7+ Nxf7 7. Nxf7 Kxf7 8. Qh5+ g6 9. Qxc5 d6 10. Qc4+ Be6 11. Qb5 a6 12. Qe2 Ne5 13. f4 d3 14. cxd3 Bg4 15. Qe3 Qh4+ 16. Kd2 Nd7 17. h3 Be6 18. Qf3 h5 19. Kc2 Raf8 20. Be3 c5 21. Nc3 b5 22. g3 Qf6 23. Raf1 Kg7 24. Kb1 b4 25. Ne2 Ne5 26. Qg2 Nxd3 27. Nc1 Nxc1 28. Rxc1 Qf7 29. b3 Re8 30. Qc2 Bd7 31. Rhd1 Rxe4 32. Bxc5 Bf5 33. g4 Re2 34. gxf5 Rxc2 35. Bd4+ Kh7 36. Rxc2 Qxf5 37. Bxh8 Kxh8 38. Rxd6 Kg7 39. h4 Kh6 40. Rxa6 Qxf4 41. Rcc6 1/2-1/2

[Event "US Open-110"]
[Site "Indianapolis"]
[Date "2009.08.03"]
[Round "3"]
[White "Vilenchuk, Michael"]
[Black "Pinkerton, James Carl"]
[Result "1-0"]
[WhiteElo "2127"]
[BlackElo "2046"]
[PlyCount "49"]
[EventDate "2009.08.01"]
[EventType "swiss"]
[EventRounds "9"]
[EventCountry "USA"]
[SourceTitle "CBM 131 Extra"]
[Source "ChessBase"]
[SourceDate "2009.09.03"]
[SourceVersion "2"]
[SourceVersionDate "2009.09.16"]
[SourceQuality "1"]

1. e4 d5 2. exd5 Qxd5 3. Nc3 Qd6 4. d4 Nf6 5. Be3 a6 6. Qd2 b5 7. Be2 b4 8. Na4 Ne4 9. Qd3 Bf5 10. Bf3 Qg6 11. Qc4 e6 12. Qxc7 Bd6 13. Qb7 0-0 14. Qxa8 Ng5 15. Bxg5 Qxg5 16. Be4 Bg4 17. Nf3 Qf4 18. g3 Qf6 19. 0-0-0 Qe7 20. Qb7 Nd7 21. h3 Rb8 22. Qa7 Bh5 23. g4 Bg6 24. Bxg6 f6 25. Kb1 1-0